00671nam a22001817a 450000500170000000800410001704000080005810000290006624500870009526000860018230000100026849000310027850000310030950000260034065000200036665000190038671000840040520260619143615.0260618b ||||| |||| 00| 0 eng d cENA aLópez Pérez, Rosario aNormalización archivística /cRosario López Pérezh[Recurso electrónico] aMadrid:bSEDIC. Asociación Española de Documentación e Información,c2011 a48 p. aDocumentos de Trabajov; 1 aMayo 2011 - 1a revisión. aTexto a dos columnas. 0aNormalización 0aArchivística aSEDIC. Asociación Española de Documentación e Información Científica